Central Library OPAC University of Rajshahi

Freedom, power & democratic planning / (Record no. 33261)

MARC details
000 -LEADER
fixed length control field 01112nam a2200313Ii 4500
001 - CONTROL NUMBER
control field 33261
003 - CONTROL NUMBER IDENTIFIER
rucl marc code BD-RjUL
005 - DATE AND TIME OF LATEST TRANSACTION
control field 20211209051956.0
008 - FIXED-LENGTH DATA ELEMENTS--GENERAL INFORMATION
fixed length control field 140430r19651950enk b 001 0 eng d
035 ## - SYSTEM CONTROL NUMBER
System control number (BD-RjUL)33352
System control number (OCoLC)04264711
System control number GLIS00487677
040 ## - CATALOGING SOURCE
Original cataloging agency MST
Transcribing agency MST
Modifying agency BD-RjUL
Language of cataloging eng
041 ## - LANGUAGE CODE
Language code of text/sound track or separate title eng
082 00 - DEWEY DECIMAL CLASSIFICATION NUMBER
Classification number 301
Author mark and year MAF 1965
100 1# - MAIN ENTRY--PERSONAL NAME
Personal name Mannheim, Karl,
Dates associated with a name 1893-1947.
9 (RLIN) 141
245 10 - TITLE STATEMENT
Title Freedom, power & democratic planning /
Statement of responsibility, etc. by Karl Mannheim ; edited by Hans Gerth and Ernest K. Bramstedt.
260 ## - PUBLICATION, DISTRIBUTION, ETC. (IMPRINT)
Place of publication, distribution, etc. London :
Name of publisher, distributor, etc. Routledge & Kegan Paul,
Date of publication, distribution, etc. c1950 [Reprinted 1965].
300 ## - PHYSICAL DESCRIPTION
Pagination xxiv, 384 p. ;
Size 23 cm.
490 1# - SERIES STATEMENT
Series statement International library of sociology and social reconstruction
504 ## - BIBLIOGRAPHY, ETC. NOTE
Bibliography, etc Bibliographical references included in "Notes" (p. 315-373)
Bibliography, etc Includes index.
650 #0 - SUBJECT ADDED ENTRY--TOPICAL TERM
Topical term or geographic name as entry element Sociology.
9 (RLIN) 100995
Topical term or geographic name as entry element Democracy.
9 (RLIN) 100996
700 1# - ADDED ENTRY--PERSONAL NAME
Personal name Gerth, Hans.
Personal name Bramstedt, Ernest K.
830 #0 - SERIES ADDED ENTRY--UNIFORM TITLE
Uniform title International library of sociology and social reconstruction (Routledge & Kegan Paul)
942 ## - ADDED ENTRY ELEMENTS (KOHA)
Source of classification or shelving scheme Dewey Decimal Classification
Koha item type Books
Holdings
Lost status Source of classification or shelving scheme Damaged status Not for loan Collection code Permanent Location Current Location Shelving location Date acquired Source of acquisition Cost, normal purchase price Total Checkouts Full call number Date last seen Copy number Koha item type
  Dewey Decimal Classification     Non-fiction Central Library, University of Rajshahi Central Library, University of Rajshahi   06/04/1967 Euro-Pak 30.45   301 MAF 1965 30/04/2014 C-5 Books
  Dewey Decimal Classification   Not For Loan Non-fiction Central Library, University of Rajshahi Central Library, University of Rajshahi   25/01/1956 Simpkin Marshall 1.50   301 MAF 1951 30/04/2014 C-1 Books
  Dewey Decimal Classification     Non-fiction Central Library, University of Rajshahi Central Library, University of Rajshahi   08/02/1955 Sweet & Zeitlinger 35.00   301 MAF 1965 11/05/2014 C-6 Books
  Dewey Decimal Classification     Non-fiction Central Library, University of Rajshahi Central Library, University of Rajshahi   31/05/1965 Euro Park 28.44   301 MAF 1965 12/05/2014 C-3 Books
  Dewey Decimal Classification     Non-fiction Central Library, University of Rajshahi Central Library, University of Rajshahi   31/05/1965 Euro Park 28.44   301 MAF 1965 14/05/2014 C-2 Books
  Dewey Decimal Classification     Non-fiction Central Library, University of Rajshahi Central Library, University of Rajshahi   06/04/1967 Euro-Pak. 30.45   301 MAF 1965 19/05/2014 C-4 Books
  Dewey Decimal Classification     Non-fiction Central Library, University of Rajshahi Central Library, University of Rajshahi   06/04/1967 Euro-Pak. 30.45   301 MAF 1950 19/05/2014 C-7 Books